Od ztráty k zisku - poznatky rakouského zestátňeného průmyslu.
Nevyhnutnosť poznania teórie i praxe úspešného podnikania v trhovej ekonomike pre rozvoj čs. hospodárskych organizácií. Uvedenie niektorých skúseností rakúskeho zoštátneného priemyslu a náčrt základného scenára prechodu od stratového k ziskovému podniku. Charakteristika holdingového spôsobu riadenia...
Enregistré dans:
| Auteur principal: | |
|---|---|
| Autres auteurs: | |
| Format: | Chapitre de livre |
| Langue: | tchèque |
| Sujets: | |
| Tags: |
Pas de tags, Soyez le premier à ajouter un tag!
|
MARC
| LEADER | 00000naa a2200000 4500 | ||
|---|---|---|---|
| 001 | r004065 | ||
| 005 | 20221125080647.1 | ||
| 041 | 0 | |a cze | |
| 044 | |a [CS] | ||
| 245 | 1 | 0 | |a Od ztráty k zisku - poznatky rakouského zestátňeného průmyslu. |c Z. Pokorný, Bedřich Kocan |
| 520 | |a Nevyhnutnosť poznania teórie i praxe úspešného podnikania v trhovej ekonomike pre rozvoj čs. hospodárskych organizácií. Uvedenie niektorých skúseností rakúskeho zoštátneného priemyslu a náčrt základného scenára prechodu od stratového k ziskovému podniku. Charakteristika holdingového spôsobu riadenia. | ||
| 610 | 2 | 0 | |a priemysel |
| 610 | 2 | 0 | |a Rakúsko |
| 610 | 2 | 0 | |a hospodárstvo trhové |
| 610 | 2 | 0 | |a organizácie hospodárske |
| 610 | 2 | 0 | |a riadenie podnikové |
| 610 | 2 | 0 | |a spoločnosti holdingové |
| 610 | 2 | 0 | |a podnikanie |
| 610 | 2 | 0 | |a zisk podnikový |
| 100 | 1 | |a Pokorný, Z. | |
| 700 | 1 | |a Kocan, Bedřich | |